Liedtext - Lok auf zwei Beinen - Peter Fox - Statistiken

Allgemein
  • Dieses Quiz wurde 231 mal gespielt
    224 seit der letzten Aktualisierung
  • Das Durchschnittsergebnis liegt bei 306 aus 467
Antwortstatistiken
Textquiz % Korrekt
auf
97%
Auf
97%
die
97%
Die
97%
zwei
97%
Beinen
96%
du
95%
Ich
95%
ich
95%
Lok
95%
ein
92%
Ein
92%
und
92%
Und
92%
bin
89%
Bin
89%
nicht
88%
rolle
87%
da
86%
der
86%
Der
86%
Durch
86%
durch
86%
wie
86%
Wie
86%
hab
83%
kann
83%
renn
82%
ne
81%
Bleib
80%
es
79%
Es
79%
Stadt
79%
mein
78%
im
77%
Im
77%
nach
77%
rollender
77%
Stein
77%
stehen
76%
bleiben
75%
Hund
74%
so
73%
ab
72%
den
72%
Fisch
72%
Pampa
72%
schreien
71%
bergab
70%
bis
70%
Das
69%
Eine
69%
eine
69%
in
68%
meine
68%
muss
68%
Muss
68%
nichts
68%
sich
68%
mich
67%
am
66%
an
66%
bergauf
66%
sie
66%
dich
65%
dreh
65%
dem
64%
ist
64%
Leben
64%
auch
63%
satt
63%
Welt
63%
zu
63%
gehen
62%
Mit
62%
mit
62%
wenn
62%
wieder
62%
drehen
61%
Frau
61%
mach
61%
meinen
61%
mir
61%
Nacht
60%
lauf
59%
Tag
59%
weg
59%
wo
59%
Kau
57%
krähen
57%
nie
57%
werd
57%
hält
56%
jag
55%
Seh
55%
Zickzack
55%
zur
55%
bist
54%
vor
54%
wir
54%
alle
53%
aus
53%
Hacken
53%
hole
53%
Als
52%
Club
52%
Geradeaus
52%
haben
52%
Lack
52%
neue
52%
will
52%
junger
51%
Kopf
51%
Wand
51%
zerkratz
51%
Gicht
50%
Minutentakt
50%
Pumpe
50%
pumpt
50%
schlapp
50%
von
50%
fliegen
49%
Irgendwas
49%
rum
49%
Rum
49%
Weil
49%
Arsch
48%
Frauen
48%
ganz
48%
Kauf
48%
Lungen
48%
Phantom
48%
Trap
48%
manchmal
47%
renne
47%
darf
46%
Ecke
46%
Flucht
46%
Haus
46%
Hummeln
46%
Rad
46%
Teufel
46%
wunde
46%
Zack
46%
Jagd
45%
Schienen
45%
schlaf
45%
blutende
44%
dauern
44%
einreite
44%
fress
44%
geht
44%
nen
44%
also
43%
Bremse
43%
dance
43%
Dreck
43%
Fuß
43%
gibts
43%
kaputt
43%
Paris
43%
rein
43%
rund
43%
Seite
43%
Sucht
43%
Zweifel
43%
frisch
42%
ganzen
42%
Heck
42%
Hunger
42%
jeden
42%
knackt
42%
nass
42%
vorne
42%
brauchs
41%
Dancefloor
41%
drum
41%
einmal
41%
esse
41%
fast
41%
ihm
41%
kaum
41%
See
41%
souverän
41%
trag
41%
Nägeln
40%
raus
40%
versagt
40%
angezeckt
39%
Bar
39%
Drei
39%
Ente
39%
Henne
39%
schwarz
39%
Seife
39%
ständig
39%
Trink
39%
Tür-Checker
39%
ums
39%
Wedel
39%
Nase
38%
tragen
38%
Bus
37%
Fuchs
37%
Fummel
37%
latsch
37%
Latsch
37%
Rauch
37%
riech
37%
tanz
37%
trauern
37%
versauern
37%
gehetzter
36%
Iso-Getränke
36%
Mauern
36%
ner
36%
Brille
35%
pulle
35%
Strulle
35%
Adern
34%
botten
34%
Botten
34%
fette
34%
hinten
34%
kam
34%
NASA
34%
nehmen
34%
Tisch
34%
dreckig
33%
laut
33%
Schluck
33%
aufm
32%
Dakar
32%
Huckepack
32%
Mucke
32%
Runden
32%
schnappt
32%
stehn
32%
Weitem
32%
zehn
32%
riesige
31%
tritt
31%
Bräute
30%
Drinks
30%
Fliegenkadaver
30%
Verschütte
30%
Waden
30%
Draht
28%
Hightech-Boots
28%
Nacken
26%
schicken
26%
Pumps
21%
Schutt
21%
Laden
15%
Keine übereinstimmenden Quizze gefunden
Verteilung der Resultate
Anzahl Personen mit jedem Resultat
Perzentil nach korrekt beantworteten Fragen
Ihre Resultats-Entwicklung
Sie haben dieses Quiz seit der letzten Aktualisierung nicht gespielt